Patrología / (Record no. 22641)

MARC details
000 -LEADER
campo de control de longitud fija 00813nam a2200217 i 4500
001 - NÚMERO DE CONTROL
campo de control 22641
003 - IDENTIFICADOR DE NÚMERO DE CONTROL
campo de control ES-MaACL
005 - FECHA Y HORA DE LA ÚLTIMA TRANSACCIÓN
campo de control 20230906152731.0
007 - CAMPO FIJO DE DESCRIPCIÓN FÍSICA--INFORMACIÓN GENERAL
campo de control de longitud fija t|
008 - DATOS DE LONGITUD FIJA--INFORMACIÓN GENERAL
campo de control de longitud fija 021204s1949 sp ||||1| spa d
100 1# - ENTRADA PRINCIPAL--NOMBRE DE PERSONA
Nombre de persona Altaner, Berthold.
9 (RLIN) 20519
245 10 - MENCIÓN DEL TÍTULO
Título Patrología /
Mención de responsabilidad, etc. obra compuesta en alemán por Berthold Altaner ; ofrecida a los lectores de habla española por los Padres Eusebio Cuevas y Ursicino Domínguez.
250 ## - MENCION DE EDICION
Mención de edición [2ª ed.].
260 ## - PUBLICACIÓN, DISTRIBUCIÓN, ETC.
Lugar de publicación, distribución, etc. Madrid :
Nombre del editor, distribuidor, etc. Espasa-Calpe,
Fecha de publicación, distribución, etc. 1949.
300 ## - DESCRIPCIÓN FÍSICA
Extensión XVIII, 667, 64 p. ;
Dimensiones 23 cm.
505 8# - NOTA DE CONTENIDO CON FORMATO
Nota de contenido con formato Contiene apéndice: Patrología española / por los Padres Eusebio Cuevas y Ursino Domínguez
650 ## - PUNTO DE ACCESO ADICIONAL DE MATERIA--TÉRMINO DE MATERIA
Término de materia o nombre geográfico como elemento de entrada Patrística.
9 (RLIN) 15895
700 1# - ENTRADA AGREGADA--NOMBRE PERSONAL
Nombre de persona Cuevas, Eusebio.
9 (RLIN) 42096
700 0# - ENTRADA AGREGADA--NOMBRE PERSONAL
Nombre de persona Domínguez del Val, Ursicino.
9 (RLIN) 45205
852 ## - LOCALIZACIÓN
Ubicación ES-MaACL
Número de control de estantería D-6676
Sublocalización o colección R.29561
Holdings
Estatus retirado Estado de pérdida Estado de daño No para préstamo Biblioteca de origen Biblioteca actual Ubicación en estantería Fecha de adquisición Fuente de adquisición Total de préstamos Signatura topográfica completa Código de barras Visto por última vez Precio de reemplazo Tipo de ítem Koha
        Biblioteca del Ateneo de Madrid Biblioteca del Ateneo de Madrid Sala Valle Inclán 17/01/2008     D-6676 901023310 23/02/2023 23/02/2023 Libro impreso